A note on the use of translocated and contact herbicides (Record no. 48660)

MARC details
000 -LEADER
fixed length control field 00411nam a2200157Ia 4500
100 ## - MAIN ENTRY--AUTHOR NAME
Personal name Ananth K.C.
245 #2 - TITLE STATEMENT
Title A note on the use of translocated and contact herbicides
260 ## - PUBLICATION, DISTRIBUTION, ETC. (IMPRINT)
Name of publisher Rubber Board Bulletin
Year of publication 1965-66
300 ## - PHYSICAL DESCRIPTION
Number of Pages 211-217
650 ## - SUBJECT ADDED ENTRY--TOPICAL TERM
Topical Term Herbicide
650 ## - SUBJECT ADDED ENTRY--TOPICAL TERM
Topical Term Weed control
700 ## - ADDED ENTRY--PERSONAL NAME
Personal name Jacob K.T.
700 ## - ADDED ENTRY--PERSONAL NAME
Personal name Sethuraj M.R.
942 ## - ADDED ENTRY ELEMENTS (KOHA)
Koha item type Bibliography STAF
Holdings
Withdrawn status Lost status Damaged status Not for loan Home library Current library Shelving location Date acquired Serial Enumeration / chronology Koha item type
      Bibliography RRII Library RRII Library Agronomy 09/04/2014 Volume 8, Issue Bibliography STAF